| 000 | 00570nam a2200133Ia 4500 | ||
|---|---|---|---|
| 008 | 170221s9999 xx 000 0 und d | ||
| 100 | _aMohamed Abdellatif Abu Auf | ||
| 245 | 4 | _aThe Relationship between Word of Mouth and Consumer Buying Behavior Mediating by Religious Orientation in Riyadh, Saudi Arabia | |
| 245 | _cMohamed Abdellatif Abu Auf, Salniza Bt Md. Salleh, Rushami Zien Yusoff | ||
| 260 | _bInternational Review of Management and Marketing | ||
| 260 | _c2013 | ||
| 650 | _xMarketing. | ||
| 856 | _uhttp://www.econjournals.com/index.php/irmm/issue/view/88 | ||
| 999 |
_c310489 _d310489 |
||